01946cam a2200505 i 4500001001200000003000600012005001700018008004100035020005000076035002200126035002300148040006700171045001700238046000900255100004400264245011500308246007700423260005300500300004700553336002700600337005400627338002800681380001600709380003200725388001000757490003700767504004700804610003500851610005900886648001900945648001900964650004100983650002501024650003301049650003501082650003601117651001601153651001401169651004401183655002101227658003801248658001301286710010601299830003501405xx004921344NUKAT20260428083120.0200805s2020 pl a |001 0dpol c a9788380989207q(oprawa miękka) :czł 20,00 a(OCoLC)1183356954 a(NUKAT)xx004921344 aWR U/hbbpolerdacWR U/hbsdWR U/msdWA 14/MBsdOLSZT 008/bak2 bd1940bd1942 k20201 aKalbarczyk, Sławomird(1961- ).eAutor10aArmia Andersa w ZSRS 1941-1942 :bniespełnione braterstwo broni z Armią Czerwoną /cSławomir Kalbarczyk.3 aArmia Andersa w Związku Socjalistycznych Republik Sowieckich 1941-1942 aWarszawa :bInstytut Pamięci Narodowej,c2020. a175 stron :bilustracje kolorowe ;c25 cm. aTekstbtxt2rdacontent aBez urządzenia pośredniczącegobn2rdamedia aWoluminbnc2rdacarrier aKsiążki aPublikacje popularnonaukowe1 a2001-1 aBiblioteka Biuletynu IPN ;vt. 6 aBibliografia na stronach 166-171. Indeksy.27aArmia Polska na Wschodzie2DBN17aPolska.bPolskie Siły Zbrojne w ZSRRxhistoria.2kaba 7a1901-20002DBN 7a1939-19452DBN 7aII wojna światowa (1939-1945)2DBN 7aJeńcy wojenni2DBN 7aWięźniowie obozów2DBN 7aWięźniowie polityczni2DBN 7aWojsko Polskie (1939-1945)2DBN 7aPolska2DBN 7aZSRR2DBN 7aPolskaxhistoria wojskoway1918-.2kaba 7aOpracowanie2DBN aBezpieczeństwo i wojskowość aHistoria2 aInstytut Pamięci Narodowej - Komisja Ścigania Zbrodni przeciwko Narodowi Polskiemu.eWydawca4pbl 0aBiblioteka Biuletynu IPNvt. 6